U.S. States With At Least Four Major Pro Sports Teams - Statistics

General Stats
  • This quiz has been taken 2,407 times
  • The average score is 8 of 12
Answer Stats
# Answer % Correct
10 New York
99%
15 California
98%
9 Florida
94%
8 Texas
92%
5 Illinois
78%
7 Pennsylvania
73%
4 Massachusetts
68%
6 Ohio
68%
4 Michigan
61%
4 Minnesota
45%
4 Colorado
44%
4 Missouri
21%
No matching quizzes found
Score Distribution
Percent of People with Each Score
Percentile by Number Answered
Your Score History
You have not taken this quiz